书目信息 |
| 题名: |
没有敌意的战争
|
|
| 作者: | 蒋亮平 | |
| 分册: | ||
| 出版信息: | 南宁 广西人民出版社 |
|
| 页数: | 234页 | |
| 开本: | 32开 | |
| 丛书名: | ||
| 单 册: | ||
| 中图分类: | B:848:C912 , B848:C912 | |
| 科图分类: | ||
| 主题词: | 个性心理学 , 人格心理学 | |
| 电子资源: | ||
| ISBN: | 7-219-02336-7 | |
| 000 | 00592nam0 2200217 45 | |
| 001 | 0006121783 | |
| 005 | 20140401145453.35 | |
| 010 | @a7-219-02336-7@d3.95元 | |
| 100 | @a20000612d km y0chiy0120 ea | |
| 101 | 0 | @achi |
| 105 | @a z 000yy | |
| 200 | 1 | @a没有敌意的战争@AMei You Di Yi De Zhan Zheng@f蒋亮平@FJiang Liang Ping |
| 210 | @a南宁@c广西人民出版社 | |
| 215 | @a234页@d32开 | |
| 606 | 0 | @a个性心理学 |
| 606 | 0 | @a人格心理学 |
| 690 | @aB:848:C912@v3 | |
| 690 | @aB848:C912@v4 | |
| 701 | 0 | @a蒋亮平 |
| 801 | @aCN@bPftUser@c20000612 | |
| 905 | @b204079-081@dB848:C912@eJ574@f3 | |
| 没有敌意的战争/蒋亮平.-南宁:广西人民出版社 |
| 234页;32开 |
| ISBN 7-219-02336-7:3.95元 |
| ● |
| 相关链接 |
|
|
|
正题名:没有敌意的战争
索取号:B848:C912/J574
 
预约/预借
| 序号 | 登录号 | 条形码 | 馆藏地/架位号 | 状态 | 备注 |
| 1 | 204079 | 202040790 | 社科库509/509社科库 41排1列3层/ [索取号:B848:C912/J574] | 在馆 | |
| 2 | 204080 | 202040807 | 社科库509/509社科库 41排1列3层/ [索取号:B848:C912/J574] | 在馆 | |
| 3 | 204081 | 202040816 | 社科库509/509社科库 41排1列3层/ [索取号:B848:C912/J574] | 在馆 |